Obálka Náhled e-knihy:
PDF Epub
Pro půjčování e-knih musíte být přihlášeni.
Jak si půjčit online?

Baruška – pokračování /

Baruška – pokračování Je psychologická povídka o tichém zrání, o odvaze postavit se vlastní minulosti a o hledání místa, které člověka drží i proměňuje. Navazuje na atmosféru původní povídky Boženy Němcové, ale vypráví nový, samostatný příběh ženy, která se po letech vrací do rodné vesnice, aby zde...

Celý popis

Uloženo v:
Hlavní autor: Kostka, Pavel (Autor)
Médium: E-kniha
Jazyk:Czech
Vydáno: Praha : PPKPP, 2026
Tagy:
Žádné tagy
LEADER 01966nam a22002297i 4500
001 301512
007 ta
008 260430s2026 xr ||||| |||| 00| 0 cze d
020 |a 9990004265448 
044 |a xr 
100 1 |a  Kostka, Pavel  |4 aut 
245 1 0 |a Baruška – pokračování /  |c  Kostka, Pavel 
264 1 |a Praha :  |b PPKPP,  |c 2026 
300 |a 1 online zdroj (105 stran) 
336 |a text  |b txt  |2 rdacontent 
337 |a bez média  |b n  |2 rdamedia 
338 |a online zdroj  |b cr  |2 rdacarrier 
520 2 |a Baruška – pokračování Je psychologická povídka o tichém zrání, o odvaze postavit se vlastní minulosti a o hledání místa, které člověka drží i proměňuje. Navazuje na atmosféru původní povídky Boženy Němcové, ale vypráví nový, samostatný příběh ženy, která se po letech vrací do rodné vesnice, aby zde znovu objevila kořeny, které nikdy nepřestaly růst. Baruška se ocitá uprostřed komunity, která se mění stejně jako ona sama. Mlýn, čítárna, zahrady i lidé kolem ní se stávají zrcadly jejích vlastních obav, nadějí a rozhodnutí. V každodenních setkáních, v drobných gestech i v hlubokých rozhovorech se učí, že uzdravení není jednorázový čin, ale dlouhá cesta plná ticha, práce a odvahy. Příběh sleduje proměnu vesnice i samotné Baruščiny duše. Od bolesti k porozumění, od izolace k sounáležitosti. Je to vyprávění o tom, že domov není jen místo, ale vztah. A že kořeny mohou být pevné, i když se člověk učí létat. 
910 |a RBIT002 
998 |d 426544  |a https://core.palmknihy.cz/api/books/426544/cover?te8p0l  |b https://core.palmknihy.cz/api/books/426544/cover/400?te8p0l  |c https://core.palmknihy.cz/api/books/426544/cover/50?te8p0l  |e   |g 105  |i 9990004265448  |j https://core.palmknihy.cz/api/books/426544/preview.epub  |k https://core.palmknihy.cz/api/books/426544/preview.pdf  |l   |q 49  |r 1  |s https://www.palmknihy.cz/kniha/426544  |t ebook  |y 2026  |z 1 
999 |d 301510